LEADER 01206cam a2200313 a 4500 001 000000132020 003 CaOOAMICUS 005 20220516175551.0 008 121210s1991 it u000 u ita r 020 $a88-06-12765-9 032 $aLibriCat 040 $aPUL$bita 041 1 $aita$hger 130 0 $aErbe Europas.$lItaliano.$0(OLS)http://pul/title/166812 245 12$aL'eredità dell'Europa /$cHans Georg Gadamer ; traduzione di Flavio Cuniberto. 260 $aTorino :$bEinaudi,$c©1991. 300 $aXII, 143 p. ;$c20 cm 490 1 $aEinaudi contemporanea ;$v01 650 4$aFilosofia$xStudi.$0(OLS)http://pul/subject/37214 700 1 $aCuniberto, Flavio.$0(OLS)http://pul/name/26630 830 0$aEinaudi contemporanea ;$v01.$0(OLS)http://pul/title/635 850 $aPUL 852 $aPUL$W1$xDP1 Fondo E. Rossi$y115$m1 G 3$j152058$qFondi$B151292$CPULBib$Z2$F151292 $82 941 1 $a1 961 $aSul dorso collocazione ms. di E. Rossi: G 0 2 996 $6020$a88-06-12765-9$9(OLS)http://pul/number/151323 996 $6245$aL'eredità dell'Europa$9(OLS)http://pul/title/166813 996 $6260$aTorino :$bEinaudi$9(OLS)http://pul/publisher/48130 LEADER 01144naa a2200217 u 4500 001 000000095293 003 CaOOAMICUS 005 20070226130141.0 008 040624s1975 gw u000 u ger u 020 $a3506747851 035 $a11001856 040 $aIAR$bita 100 1 $aMetzler, Josef,$cO.M.I.,$d1921-$0(OLS)http://pul/name/5030 245 10$aPäpstlicher Primat als pastorale Verantwortung und missionarischer Auftrag in frühen Dokumenten der Propaganda-Kongregation /$cJosef Metzler. 260 $aMünchen :$bSchöningh,$c1975. 300 $aS. 373-386, ;$c23 cm 773 0 $aKonzil und Papst : Historische Beiträge zur Frage der höchsten Gewalt in der Kirche; Festgabe für Hermann Tüchle. 773 0 $tKonzil und Papst : historische Beiträge zur Frage der höchsten Gewalt in der Kirche. Festgabe für Hermann Tüchle$w()43990 996 $6020$a3506747851$9(OLS)http://pul/number/54842 996 $6245$aPäpstlicher Primat als pastorale Verantwortung und missionarischer Auftrag in frühen Dokumenten der Propaganda-Kongregation$9(OLS)http://pul/title/122166 996 $6260$aMünchen :$bSchöningh$9(OLS)http://pul/publisher/69457